Air, Eau, Feu ou Terre ? - Statistiques

Statistiques générales
  • Ce quiz a été pris 107 fois
  • Le résultat moyen est 25 sur 40
Statistiques - réponses
Hint Réponse % Correct
Compagnie aérienne nationale française, fondée le 30 août 1933 : ________ France Air
85%
Ecouteurs sans fil conçus par Apple, sortis pour la première fois le 13 décembre 2016 : __________Pods Air
84%
Modèle de basket créée pour Nike en 1987 par Tinker Hatfield, designer chez Nike : Nike ________ Max Air
83%
Se dit d'une personne vive, toujours en mouvement ou, péjoratif, qui ne fixe ni ses actions ni son esprit : _________ follet Feu
83%
Composé chimique de formule moléculaire brute H₂O Eau
82%
Procédé pyrotechnique divertissant : __________ d'artifice Feu
82%
Plateforme communautaire de location et de réservation de logements de particuliers : _________bnb Air
80%
Sitcom américaine en 148 épisodes de 22 minutes de 1990 à 1996 : Le Prince de Bel-_________ Air
80%
Film britanno-américain de Mike Newell, sorti en 2005 : Harry Potter et la Coupe .. ________ Feu
80%
Earth en anglais Terre
80%
Mélange de gaz constituant l'atmosphère terrestre Air
78%
Activité qui consiste à mimer le geste d’un guitariste sans avoir l’instrument en main. Il s'agit d'une sorte de playback instrumental mimant la plupart du temps le jeu d'une guitare électrique : _________ Guitar Air
78%
De son vrai nom Ken Samaras, né le 3 avril 1990 à La Trinité (Alpes-Maritimes), rappeur (auteur-interprète), chanteur et acteur français : Nek_________ Feu
78%
Séparateur central entre les voies de circulation généralement de sens contraires : _______-plein central Terre
75%
Bière brassée depuis 1996 par Unibroue à Chambly, au Québec : _________ Bénite Eau
72%
Dispositif permettant la régulation de la circulation routière : __________ de circulation Feu
71%
Région côtière d'Antarctique oriental découverte en 1840 par l'explorateur français Jules Dumont d'Urville au sud de l'Australie : __________ Adélie Terre
70%
Expression signalant au personnel extérieur au studio d'une station de radio qu'une émission est en cours, ou que l'animateur est à l'antenne, afin d'éviter les entrées dérangeantes qui pourraient perturber la diffusion : On _________ Air
68%
Lotion qui est utilisée pour lutter contre l'acné, les points noirs et les boutons : __________ précieuse Eau
68%
Majoritaire en consonne Terre
67%
Film britannique réalisé par Hugh Hudson et sorti en 1981 : Les Chariots .. ________ Feu
63%
Marque de détachants propriété du groupe Henkel : ___________ écarlate Eau
62%
Aurait été introduit en Europe occidentale au XIIe siècle et utilisé pour la première fois en 1151 en France par Geoffroy V d'Anjou lors du siège de Montreuil-Bellay : l. ________ grégeois Feu
61%
Désigne le potentiel électrique du sol considérée comme une référence équipotentielle de 0 volt et servant généralement à relier les châssis des appareillages électriques Terre
61%
Société de production de télévision française : ________ Productions Air
60%
Groupe français de rock et pop, originaire de Paris : ________! Chatterton Feu
58%
Qui est mort depuis peu de temps ; défunt. Précédé d'un déterminant, s'accorde avec le nom qui suit Feu
53%
Seul objet céleste connu à ce jour pour abriter la vie Terre
52%
Promesse de Dieu à Abraham et ses descendants et qui par analogie, peut désigner aussi l'en but au rugby Terre
49%
Elément permettant d'attribuer une valeur aux biens, notamment pour les Physiocrates Terre
47%
Ancien remède breton contre la rage : ________ de Gaël Eau
46%
Mini-série française en huit épisodes de 90 minutes diffusée sur TF1 durant l'été 1996 : _______ indigo Terre
46%
Groupe musical français originaire de Versailles, formé en 1995 et composé de Jean-Benoît Dunckel et Nicolas Godin. Le groupe est assimilé au mouvement musical French touch Air
43%
Désigne en abrégé un État fédéral du golfe Persique Eau
42%
Parfum de Christian Dior : _________ sauvage Eau
41%
Dans le coran, il en existe deux sortes : cosmique et domestique Feu
40%
Film français d'Édouard Bergeon sorti en 2019 avec Guillaume Canet : Au nom d . . ______ Terre
40%
Rivière fictive de la Terre du Milieu, issue du légendaire de J. R. R. Tolkien et apparaissant notamment dans son roman Le Seigneur des anneaux paru en 1954-55 : L_ _______ Eau
37%
3e album studio de Jeanne Cherhal, sorti le 23 octobre 2006 : L_ ________ Eau
30%
Ejecteur de laboratoire qui permet de faire le vide : Trompe à __________ Eau
30%
Aucun quiz correspondant
Distribution des résultats
% des personnes avec chaque résultat
Percentile par nombre de réponses
Votre historique - résultats
Vous n’avez pas pris ce quiz